000 00426nam a2200181Ia 4500
001 1061
005 20260306140604.0
008 260306t1985||||xx |||||||||||||| ||spa||
041 _aESP
082 _a180
_bM26 1985
100 _aMarías, Julián
_eAUT
245 0 _aHistoria de la filosofía
260 _c1985
300 _axxxii, 515 páginas :
_c23 cm.
650 _aGEN
654 _aCHU
942 _cLIB
_dJUS
_fJUS
_2ddc
_n
999 _c1061
_d1061